000 00317nam a22001337a 4500
008 170926b xxu||||| |||| 00| 0 eng d
020 _a2900131193535
041 _aeng
080 _22ND
_a37
100 _a46
101 _aEDU
245 _aSTUDENTS IN SPECIAL AND GENERAL EDUCATION
_cSPINELLI,C.G
942 _2udc
_cBK
999 _c30031
_d30031